<?xml version="1.0" encoding="UTF-8"?><?xml-stylesheet type="text/xsl" href="static/style.xsl"?><OAI-PMH xmlns="http://www.openarchives.org/OAI/2.0/" xmlns:xsi="http://www.w3.org/2001/XMLSchema-instance" xsi:schemaLocation="http://www.openarchives.org/OAI/2.0/ http://www.openarchives.org/OAI/2.0/OAI-PMH.xsd"><responseDate>2026-04-18T17:51:21Z</responseDate><request verb="GetRecord" identifier="oai:riubu.ubu.es:10259/6081" metadataPrefix="marc">https://riubu.ubu.es/oai/request</request><GetRecord><record><header><identifier>oai:riubu.ubu.es:10259/6081</identifier><datestamp>2024-07-16T11:44:53Z</datestamp><setSpec>com_10259_9397</setSpec><setSpec>com_10259_5087</setSpec><setSpec>com_10259_2728</setSpec><setSpec>col_10259_9398</setSpec></header><metadata><record xmlns="http://www.loc.gov/MARC21/slim" xmlns:doc="http://www.lyncode.com/xoai" xmlns:xsi="http://www.w3.org/2001/XMLSchema-instance" xmlns:dcterms="http://purl.org/dc/terms/" xsi:schemaLocation="http://www.loc.gov/MARC21/slim http://www.loc.gov/standards/marcxml/schema/MARC21slim.xsd">
<leader>00925njm 22002777a 4500</leader>
<datafield tag="042" ind1=" " ind2=" ">
<subfield code="a">dc</subfield>
</datafield>
<datafield tag="720" ind1=" " ind2=" ">
<subfield code="a">Porres Provedo, Laura</subfield>
<subfield code="e">author</subfield>
</datafield>
<datafield tag="520" ind1=" " ind2=" ">
<subfield code="a">The main objective of this work has been to study the technical feasibility of a combined water extraction / membrane process for the recovery of sugars and polyols (mainly mannitol, a sugar alcohol used as a sweetener in the food industry) present in olive leaves of the “Serrana de Espadán” variety supplied by Seicas-Mediles (Teresa, Castellón). The extraction of sugars and polyols from dried and ground olive leaves was carried out using Milli-Q water as solvent in a water bath at 50 ºC for 24 h, with a 1:20 (w/v) solid/solvent ratio. The obtained extract was concentrated by membrane treatments performed in a high pressure stirred cell, using several flat disc polymeric membranes with different molecular weight cut-offs to obtain a final retentate with most of the soluble carbohydrates, which were characterized and quantified by HPLC-RID.</subfield>
</datafield>
<datafield tag="024" ind2=" " ind1="8">
<subfield code="a">http://hdl.handle.net/10259/6081</subfield>
</datafield>
<datafield ind1=" " ind2=" " tag="653">
<subfield code="a">Olive leaves</subfield>
</datafield>
<datafield ind1=" " ind2=" " tag="653">
<subfield code="a">Sugars</subfield>
</datafield>
<datafield ind1=" " ind2=" " tag="653">
<subfield code="a">Mannitol</subfield>
</datafield>
<datafield ind1=" " ind2=" " tag="653">
<subfield code="a">Solid-liquid extraction</subfield>
</datafield>
<datafield ind1=" " ind2=" " tag="653">
<subfield code="a">Microfiltration</subfield>
</datafield>
<datafield ind1=" " ind2=" " tag="653">
<subfield code="a">Ultrafiltration</subfield>
</datafield>
<datafield ind1=" " ind2=" " tag="653">
<subfield code="a">Nanofiltration</subfield>
</datafield>
<datafield tag="245" ind1="0" ind2="0">
<subfield code="a">Recuperación de azúcares y polioles presentes en hojas de olivo mediante un proceso combinado de extracción y membranas</subfield>
</datafield>
</record></metadata></record></GetRecord></OAI-PMH>